<?xml version="1.0" encoding="UTF-8"?>
<collection xmlns="http://www.loc.gov/MARC21/slim">
    <record>
        <controlfield tag="001">31884</controlfield>
        <controlfield tag="005">20151001114330.0</controlfield>
        <datafield tag="037" ind1=" " ind2=" ">
            <subfield code="a">BOUZ-2015-012</subfield>
        </datafield>
        <datafield tag="222" ind1=" " ind2=" ">
            <subfield code="a">Boletín Oficial de la Universidad de Zaragoza</subfield>
        </datafield>
        <datafield tag="245" ind1=" " ind2=" ">
            <subfield code="a">BOUZ 01-2009 (12 enero)</subfield>
        </datafield>
        <datafield tag="260" ind1=" " ind2=" ">
            <subfield code="a">Zaragoza</subfield>
            <subfield code="b">Secretaría General de la Universidad de Zaragoza</subfield>
            <subfield code="c">2009</subfield>
        </datafield>
        <datafield tag="300" ind1=" " ind2=" ">
            <subfield code="a">28</subfield>
        </datafield>
        <datafield tag="310" ind1=" " ind2=" ">
            <subfield code="a">Irregular</subfield>
        </datafield>
        <datafield tag="362" ind1="0" ind2=" ">
            <subfield code="a">2001-</subfield>
        </datafield>
        <datafield tag="505" ind1="0" ind2=" ">
            <subfield code="a">Claustro Universitario</subfield>
        </datafield>
        <datafield tag="505" ind1="0" ind2=" ">
            <subfield code="a">• Designación de los miembros de la Mesa del Claustro......... 516</subfield>
        </datafield>
        <datafield tag="505" ind1="0" ind2=" ">
            <subfield code="a">• Mesa del Claustro: proclamación de los representantes</subfield>
        </datafield>
        <datafield tag="505" ind1="0" ind2=" ">
            <subfield code="a">del personal docente e investigador en el Consejo de</subfield>
        </datafield>
        <datafield tag="505" ind1="0" ind2=" ">
            <subfield code="a">Gobierno.................................................................................516</subfield>
        </datafield>
        <datafield tag="505" ind1="0" ind2=" ">
            <subfield code="a">• Mesa del Claustro: proclamación de los representantes de</subfield>
        </datafield>
        <datafield tag="505" ind1="0" ind2=" ">
            <subfield code="a">los estudiantes del Claustro en el Consejo de Gobierno........ 517</subfield>
        </datafield>
        <datafield tag="505" ind1="0" ind2=" ">
            <subfield code="a">• Mesa del Claustro: proclamación de los representantes</subfield>
        </datafield>
        <datafield tag="505" ind1="0" ind2=" ">
            <subfield code="a">del personal de administración y servicios del Claustro en</subfield>
        </datafield>
        <datafield tag="505" ind1="0" ind2=" ">
            <subfield code="a">el Consejo de Gobierno..........................................................517</subfield>
        </datafield>
        <datafield tag="505" ind1="0" ind2=" ">
            <subfield code="a">• Mesa del Claustro: proclamación de los miembros de la</subfield>
        </datafield>
        <datafield tag="505" ind1="0" ind2=" ">
            <subfield code="a">Comisión de Reclamaciones de la Universidad de</subfield>
        </datafield>
        <datafield tag="505" ind1="0" ind2=" ">
            <subfield code="a">Zaragoza ................................................................................518</subfield>
        </datafield>
        <datafield tag="505" ind1="0" ind2=" ">
            <subfield code="a">• Mesa del Claustro: proclamación de los miembros de la</subfield>
        </datafield>
        <datafield tag="505" ind1="0" ind2=" ">
            <subfield code="a">Comisión Supervisora de la Contratación Docente de la</subfield>
        </datafield>
        <datafield tag="505" ind1="0" ind2=" ">
            <subfield code="a">Universidad de Zaragoza .......................................................518</subfield>
        </datafield>
        <datafield tag="505" ind1="0" ind2=" ">
            <subfield code="a">• Mesa del Claustro: proclamación de los tres representantes</subfield>
        </datafield>
        <datafield tag="505" ind1="0" ind2=" ">
            <subfield code="a">de los becarios en el Jurado de Selección de</subfield>
        </datafield>
        <datafield tag="505" ind1="0" ind2=" ">
            <subfield code="a">Becarios..................................................................................519</subfield>
        </datafield>
        <datafield tag="505" ind1="0" ind2=" ">
            <subfield code="a">• Mesa del Claustro: modificación del Reglamento del</subfield>
        </datafield>
        <datafield tag="505" ind1="0" ind2=" ">
            <subfield code="a">Claustro. .................................................................................519</subfield>
        </datafield>
        <datafield tag="505" ind1="0" ind2=" ">
            <subfield code="a">1.2. Consejo Social</subfield>
        </datafield>
        <datafield tag="505" ind1="0" ind2=" ">
            <subfield code="a">• Aprobación de las Memorias de Nuevas Enseñanzas de</subfield>
        </datafield>
        <datafield tag="505" ind1="0" ind2=" ">
            <subfield code="a">Máster Universitario a implantar en la Universidad de</subfield>
        </datafield>
        <datafield tag="505" ind1="0" ind2=" ">
            <subfield code="a">Zaragoza, curso 2009-2010....................................................520</subfield>
        </datafield>
        <datafield tag="505" ind1="0" ind2=" ">
            <subfield code="a">1.3. Consejo de Gobierno</subfield>
        </datafield>
        <datafield tag="505" ind1="0" ind2=" ">
            <subfield code="a">• Comisión Permanente: corrección de errores del acuerdo</subfield>
        </datafield>
        <datafield tag="505" ind1="0" ind2=" ">
            <subfield code="a">de 30 de septiembre de 2008, por el que se aprueban</subfield>
        </datafield>
        <datafield tag="505" ind1="0" ind2=" ">
            <subfield code="a">miembros de comisiones de concursos de acceso................. 521</subfield>
        </datafield>
        <datafield tag="505" ind1="0" ind2=" ">
            <subfield code="a">• Comisión Permanente: sustitución de un miembro de la</subfield>
        </datafield>
        <datafield tag="505" ind1="0" ind2=" ">
            <subfield code="a">Comisión que ha de elaborar la memoria correspondiente</subfield>
        </datafield>
        <datafield tag="505" ind1="0" ind2=" ">
            <subfield code="a">al Master que habilite para el ejercicio de las profesiones</subfield>
        </datafield>
        <datafield tag="505" ind1="0" ind2=" ">
            <subfield code="a">de Profesor de Educación Secundaria Obligatoria y</subfield>
        </datafield>
        <datafield tag="505" ind1="0" ind2=" ">
            <subfield code="a">Bachillerato, Formación Profesional y Enseñanzas de</subfield>
        </datafield>
        <datafield tag="505" ind1="0" ind2=" ">
            <subfield code="a">Idiomas .................................................................................. 521</subfield>
        </datafield>
        <datafield tag="505" ind1="0" ind2=" ">
            <subfield code="a">• Comisión Permanente: nombramiento de directores de</subfield>
        </datafield>
        <datafield tag="505" ind1="0" ind2=" ">
            <subfield code="a">estudio propio........................................................................ 521</subfield>
        </datafield>
        <datafield tag="505" ind1="0" ind2=" ">
            <subfield code="a">• Comisión Permanente: concesión de los premios</subfield>
        </datafield>
        <datafield tag="505" ind1="0" ind2=" ">
            <subfield code="a">extraordinarios fin de carrera, curso 2007-2008................... 521</subfield>
        </datafield>
        <datafield tag="505" ind1="0" ind2=" ">
            <subfield code="a">• Modificación de las Directrices para el establecimiento y</subfield>
        </datafield>
        <datafield tag="505" ind1="0" ind2=" ">
            <subfield code="a">modificación de la Relación de Puestos de Trabajo del</subfield>
        </datafield>
        <datafield tag="505" ind1="0" ind2=" ">
            <subfield code="a">personal docente e investigador, aprobadas por acuerdo</subfield>
        </datafield>
        <datafield tag="505" ind1="0" ind2=" ">
            <subfield code="a">de 2 de febrero de 2006, para su adecuación a</subfield>
        </datafield>
        <datafield tag="505" ind1="0" ind2=" ">
            <subfield code="a">consecuencia de la aplicación del sistema de</subfield>
        </datafield>
        <datafield tag="505" ind1="0" ind2=" ">
            <subfield code="a">Acreditación Nacional........................................................... 522</subfield>
        </datafield>
        <datafield tag="505" ind1="0" ind2=" ">
            <subfield code="a">• Modificación de la Relación de Puestos de Trabajo del</subfield>
        </datafield>
        <datafield tag="505" ind1="0" ind2=" ">
            <subfield code="a">personal docente e investigador, al amparo del apartado</subfield>
        </datafield>
        <datafield tag="505" ind1="0" ind2=" ">
            <subfield code="a">II.7.6 de las directrices para el establecimiento y</subfield>
        </datafield>
        <datafield tag="505" ind1="0" ind2=" ">
            <subfield code="a">modificación de la RPT del PDI. .......................................... 523</subfield>
        </datafield>
        <datafield tag="505" ind1="0" ind2=" ">
            <subfield code="a">• Autorización al Consejo de Dirección para facilitar el</subfield>
        </datafield>
        <datafield tag="505" ind1="0" ind2=" ">
            <subfield code="a">cumplimiento de lo dispuesto en el artículo 62.3 de la</subfield>
        </datafield>
        <datafield tag="505" ind1="0" ind2=" ">
            <subfield code="a">LOU....................................................................................... 525</subfield>
        </datafield>
        <datafield tag="505" ind1="0" ind2=" ">
            <subfield code="a">• Aprobación del número de plazas a dotar en la</subfield>
        </datafield>
        <datafield tag="505" ind1="0" ind2=" ">
            <subfield code="a">convocatoria del curso 2008–2009 para los programas</subfield>
        </datafield>
        <datafield tag="505" ind1="0" ind2=" ">
            <subfield code="a">para promoción del profesorado de los cuerpos docentes. ... 525</subfield>
        </datafield>
        <datafield tag="505" ind1="0" ind2=" ">
            <subfield code="a">• Aprobación del Reglamento sobre Tesis Doctorales............ 526</subfield>
        </datafield>
        <datafield tag="505" ind1="0" ind2=" ">
            <subfield code="a">• Aprobación de las memorias de nuevas enseñanzas de</subfield>
        </datafield>
        <datafield tag="505" ind1="0" ind2=" ">
            <subfield code="a">Máster universitario a implantar en la Universidad de</subfield>
        </datafield>
        <datafield tag="505" ind1="0" ind2=" ">
            <subfield code="a">Zaragoza el curso 2009-2010................................................ 529</subfield>
        </datafield>
        <datafield tag="505" ind1="0" ind2=" ">
            <subfield code="a">1.4. Rector</subfield>
        </datafield>
        <datafield tag="505" ind1="0" ind2=" ">
            <subfield code="a">• Convocatoria de elecciones a Claustro. ............................... 530</subfield>
        </datafield>
        <datafield tag="505" ind1="0" ind2=" ">
            <subfield code="a">• Sustituciones de miembros del Claustro............................... 531</subfield>
        </datafield>
        <datafield tag="505" ind1="0" ind2=" ">
            <subfield code="a">• Sustitución de un miembro del Claustro............................... 532</subfield>
        </datafield>
        <datafield tag="505" ind1="0" ind2=" ">
            <subfield code="a">• Convocatoria de elecciones de representantes de Decanos</subfield>
        </datafield>
        <datafield tag="505" ind1="0" ind2=" ">
            <subfield code="a">y Directores de Facultades, Escuelas e Institutos</subfield>
        </datafield>
        <datafield tag="505" ind1="0" ind2=" ">
            <subfield code="a">Universitarios de Investigación en Consejo de Gobierno.. .. 532</subfield>
        </datafield>
        <datafield tag="505" ind1="0" ind2=" ">
            <subfield code="a">• Convocatoria de elecciones de representantes de</subfield>
        </datafield>
        <datafield tag="505" ind1="0" ind2=" ">
            <subfield code="a">Directores de Departamentos en Consejo de Gobierno........ 532</subfield>
        </datafield>
        <datafield tag="505" ind1="0" ind2=" ">
            <subfield code="a">1.5. Junta Electoral Central</subfield>
        </datafield>
        <datafield tag="505" ind1="0" ind2=" ">
            <subfield code="a">• Reclamaciones a la proclamación provisional de</subfield>
        </datafield>
        <datafield tag="505" ind1="0" ind2=" ">
            <subfield code="a">miembros titulares y suplentes de las elecciones a</subfield>
        </datafield>
        <datafield tag="505" ind1="0" ind2=" ">
            <subfield code="a">Claustro y proclamación definitiva de sus miembros........... 533</subfield>
        </datafield>
        <datafield tag="505" ind1="0" ind2=" ">
            <subfield code="a">IV Otras informaciones de interés</subfield>
        </datafield>
        <datafield tag="505" ind1="0" ind2=" ">
            <subfield code="a">• Nombramientos y ceses ........................................................ 538</subfield>
        </datafield>
        <datafield tag="540" ind1=" " ind2=" ">
            <subfield code="a">Todos los derechos reservados</subfield>
            <subfield code="u">http://www.europeana.eu/rights/rr-f/</subfield>
        </datafield>
        <datafield tag="856" ind1="4" ind2=" ">
            <subfield code="s">559843</subfield>
            <subfield code="u">http://zaguan.unizar.es/record/31884/files/BOUZ-2015-012.pdf</subfield>
            <subfield code="z">BOUZ 01-2009 (12 enero)</subfield>
        </datafield>
        <datafield tag="856" ind1="0" ind2=" ">
            <subfield code="f">sporras@unizar.es</subfield>
        </datafield>
        <datafield tag="902" ind1=" " ind2=" ">
            <subfield code="a">2009-01-001</subfield>
        </datafield>
        <datafield tag="980" ind1=" " ind2=" ">
            <subfield code="a">BOUZ</subfield>
        </datafield>
    </record>

    
</collection>